000 00362nam a2200157Ia 4500
003 Ost
005 20260225132550.0
008 260225s9999||||xx |||||||||||||| ||und||
040 _cfsic
041 _afre
082 _a440
100 _aMohammed Fares
_eAuteur
245 0 _aAissat Idir syndicalisme Algérien /
245 0 _cMohammed Fares
942 _cكتاب
999 _c34087
_d34087